Szczegóły MARC21

La passion amoureuse : un theme, trois oeuvres /

003 -Nazwa inst., której nr kontr. jest w polu 001 [,]
    • @
    • Nazwa instytucji, której n kontrolny jest w polu 001
    • NUKAT
005 -DATA I CZAS OSTATNIEJ MODYFIKACJI [,]
    • @
    • pole kontrolne
    • 20250315023712.0
020 -Międzynarod. znormalizowany nr książki - ISBN [ , ]
    • a
    • Numer ISBN
    • 2701114098 Find
040 -Instytucja sporządzająca opis [ , ]
    • a
    • Instytucja, która sporządziła opis (NP)
    • NUKAT
    • c
    • Instytucja, która sporządziła rekord (NP)
    • KAT U
942 -Rodzaj dokumentu [ , ]
    • c
    • Rodzaj dokumentu
    • Książka
100 -Hasło główne - nazwa osobowa [1, ]
    • a
    • Nazwa osobowa (NP)
    • Chartier, Pierre
    • d
    • Daty biograficzne (NP)
    • (1941- ).
    • 9
    • KHW
    • 647217
245 -Strefa tytułu i oznaczenia odpowiedzialności [1,3]
    • a
    • Tytuł
    • La passion amoureuse : Find
    • b
    • Ciąg dalszy tytułu (NP)
    • un theme, trois oeuvres / Find
    • c
    • Pozostałe elementy strefy tytułu i oznaczenia odpowiedzialności (NP)
    • P[ierre] Chartier, J[ean] Delabroy, M[arie]-N[oelle] Toury.
260 -Strefa adresu wydawniczego [ , ]
    • a
    • Miejsce wydania (P)
    • Paris :
    • b
    • Nazwa wydawcy (P)
    • Belin,
    • c
    • Data wydania (P)
    • 1991.
300 -Strefa opisu fizycznego [ , ]
    • a
    • Określenie formy książki i/lub objętość (NP)
    • 255 s., tabl. ;
    • c
    • Format (NP)
    • 19 cm.
336 -Typ zawartości [ , ]
    • a
    • Termin opisujący typ zawartości
    • Tekst
    • b
    • Kod określający zawartość
    • txt
    • 2
    • Źródło (terminu i kodu)
    • rdacontent
337 -Typ mediów [ , ]
    • a
    • Tryb odtwarzania
    • Bez urządzenia pośredniczącego
    • b
    • Kod typu mediów
    • n
    • 2
    • Źródło (terminu i kodu)
    • rdamedia
338 -Typ/rodzaj nośnika [ , ]
    • a
    • Hasło opisujące typ nośnika
    • Wolumin
    • b
    • Kod typu nośnika
    • nc
    • 2
    • Źródło (terminu i kodu)
    • rdacarrier
490 -Strefa serii i książki wielotomowej - forma nie do wyszukiwania [1, ]
    • a
    • Tytuł (P)
    • Dia. Un Themes, Trois Oeuvres , Find
    • x
    • ISSN (NP)
    • 0243-5608
830 -Hasło dodatkowe serii i opisu książki wielotomowej - tytuł ujednolicony/tytuł [ ,0]
    • a
    • Tytuł ujednolicony/tytuł (NP)
    • Dia: Un Thème, Trois Œuvres
    • x
    • ISSN
    • 1151-9371
    • 9
    • KHW
    • 647220
500 -Uwaga ogólna [ , ]
    • a
    • Uwaga ogólna (NP)
    • Bibliogr. s. 253-255. - Prepas scientifiques concours 1992/1993.
080 -Uniwersalna Klasyfikacja Dziesiętna [ , ]
    • a
    • Symbol klasyfikacji
    • 840(091)-3"18/19"Bedier J.=40
080 -Uniwersalna Klasyfikacja Dziesiętna [ , ]
    • a
    • Symbol klasyfikacji
    • +840(091)-3Laclos Choderlos P.de=40
080 -Uniwersalna Klasyfikacja Dziesiętna [ , ]
    • a
    • Symbol klasyfikacji
    • +820(091)-2"15/16"Shakespeare W.=40
080 -Uniwersalna Klasyfikacja Dziesiętna [ , ]
    • a
    • Symbol klasyfikacji
    • :82.091=40
600 -Hasło przedmiotowe w formie nazwy osobowej [1,7]
    • a
    • Nazwa osobowa
    • Shakespeare, William
    • d
    • Daty związane z nazwą
    • (1564-1616).
    • t
    • Tytuł
    • Romeo and Juliet
    • 2
    • Źródło terminu
    • kaba
    • 9
    • KHW
    • 299192
600 -Hasło przedmiotowe w formie nazwy osobowej [1,7]
    • a
    • Nazwa osobowa
    • Choderlos de Laclos, Pierre Ambroise François
    • d
    • Daty związane z nazwą
    • (1741-1803)
    • x
    • Określnik rzeczowy
    • postacie.
    • 2
    • Źródło terminu
    • kaba
    • 9
    • KHW
    • 647323
650 -Hasło przedmiotowe [ ,7]
    • a
    • Hasło przedmiotowe
    • Tristan (postać legendarna)
    • x
    • Określnik rzeczowy
    • w literaturze.
    • 2
    • Źródło terminu
    • kaba
    • 9
    • KHW
    • 647324
980 -Symbol UKD [ , ]
    • a
    • UKD
    • 840(091)-3"18/19"Bedier J.+840(091)-3Laclos Choderlos P.de+820(091)-2"15/16"Shakespeare W.:82.091]=40
700 -Hasło dodatkowe - nazwa osobowa [1, ]
    • a
    • Nazwa osobowa (NP)
    • Delabroy, Jean. Find
    • 9
    • KHW
    • 647218
700 -Hasło dodatkowe - nazwa osobowa [1, ]
    • a
    • Nazwa osobowa (NP)
    • Toury, Marie-Noëlle. Find
    • 9
    • KHW
    • 647219
920 -ISBN [ , ]
    • a
    • ISBN
    • 2-7011-1409-8 Find
Numer inwentarzowy Status udost. Data inwentaryzacji Lokalizacja Sygnatura
A.558212000-03-09BMFR. Literaturoznawstwo 09
A.5581-32000-03-09BM